000 00295nam a22001337a 4500
008 170131b xxu||||| |||| 00| 0 eng d
020 _a9780323047302
041 _aeng
080 _27TH
_a618.2
100 _a2
101 _aINF
245 _aTOWARD HEALTHY AGING
_cEBERSOLE, P
942 _2udc
_cBK
999 _c4152
_d4152